Stutipath / (Record no. 1508)
[ view plain ]
| 000 -LEADER | |
|---|---|
| fixed length control field | 00576nam a2200217Ia 4500 |
| 001 - CONTROL NUMBER | |
| control field | 1512 |
| 008 - FIXED-LENGTH DATA ELEMENTS--GENERAL INFORMATION | |
| fixed length control field | 210106s ii g b000 u asm u |
| 082 ## - DEWEY DECIMAL CLASSIFICATION NUMBER | |
| Classification number | 294.5 |
| 100 ## - MAIN ENTRY--PERSONAL NAME | |
| Personal name | Bhagabati, Bhabadev . |
| 245 #0 - TITLE STATEMENT | |
| Title | Stutipath / |
| Statement of responsibility, etc. | Bhabadev Bhagabati. |
| Medium | Textual Documents |
| 250 ## - EDITION STATEMENT | |
| Edition statement | 1st ed. / |
| 260 ## - PUBLICATION, DISTRIBUTION, ETC. | |
| Place of publication, distribution, etc. | Nalbari : |
| Name of publisher, distributor, etc. | Gopimohan Baishya. |
| 300 ## - PHYSICAL DESCRIPTION | |
| Extent | 119p. ; |
| Dimensions | 14cm. |
| 500 ## - GENERAL NOTE | |
| General note | 98/1 & 98/2 Ref/Ass |
| 653 ## - INDEX TERM--UNCONTROLLED | |
| Uncontrolled term | Assamese-Religion |
| 653 ## - INDEX TERM--UNCONTROLLED | |
| Uncontrolled term | Religion |
| 653 ## - INDEX TERM--UNCONTROLLED | |
| Uncontrolled term | Religious Literature |
| 653 ## - INDEX TERM--UNCONTROLLED | |
| Uncontrolled term | Ref-Assamese |
| 700 ## - ADDED ENTRY--PERSONAL NAME | |
| Personal name | Baishya, Gopimohan . |
| 942 ## - ADDED ENTRY ELEMENTS (KOHA) | |
| Source of classification or shelving scheme | Dewey Decimal Classification |
| Koha item type | Books |
| Withdrawn status | Lost status | Damaged status | Not for loan | Home library | Current library | Shelving location | Date acquired | Coded location qualifier | Total checkouts | Full call number | Barcode | Date last seen | Copy number | Price effective from | Koha item type |
|---|---|---|---|---|---|---|---|---|---|---|---|---|---|---|---|
| Not for loan | Dr. Suryya Kumar Bhuyan Library | Dr. Suryya Kumar Bhuyan Library | 01/02/2012 | 00000 | 294.5 B 165 St | 340033 | 13/01/2024 | 1 | 01/02/2012 | Books | |||||
| Not for loan | Dr. Suryya Kumar Bhuyan Library | Dr. Suryya Kumar Bhuyan Library | 01/02/2012 | 00000 | 294.5 B 165 St | 33247 | 13/01/2024 | 1 | 01/02/2012 | Books |
